000 00917nam a2200217 4500
010 _aB-031634
020 _a8123009291
_c350.00
035 _aB-031634
037 _bCen Lib / Ret
040 _aDPL
_bEN
082 _a080
_bPRE
110 _b India. Ministry of Information and Broadcasting. Publications Division.
245 _aPresidents speak to the nation :
_brepublic day speeches 1950-2000 /
_cby India. Ministry of Information and Broadcasting. Publications Division.
260 _aDelhi
_bPublications Division, Ministry of Information and Broadcasting, Govt. of India
_c2000
270 _aPublications Division, Ministry of Information and Broadcasting, Govt. of India
_bDelhi
300 _a257p :
_bill ;
_c27cm(Hb)
650 _aPresidents -- India.
650 _aSpeeches, addresses, etc.
650 _aIndia -- Politics and government -- 1947-
942 _2ddc
_cEN
_h080
_mPRE
999 _c136887
_d136887